000 00967nmm a2200325 a 4500
003 AR-BaBNM
005 20251128210318.0
008 179119s1999 ||||||||||||||000 | spa||
020 _a950-577-260-2
040 _cAR-BaBNM
100 1 _aWainerman, Catalina H.
245 1 0 _a¿Mamá amasa la masa?
_bcien años de libros de lectura de la escuela primaria
260 _aBuenos Aires
_bFundación Editorial de Belgrano
_c1999
300 0 _a205 p.
_bil.
504 _aContiene referencias bibliográficas p. 197-201
650 4 _aDIFERENCIAS ENTRE SEXOS
650 4 _aCONTENIDO DE LOS LIBROS DE TEXTO
650 4 _aMASCULINIDAD-FEMINEIDAD
650 4 _aDISCRIMINACION SEXUAL
650 4 _aCOEDUCACION
650 4 _aLIBROS DE TEXTO
650 4 _aHISTORIA DE LA EDUCACION
651 4 _aArgentina
653 0 _aPERONISMO
653 0 _aGENERO
653 0 _aDISCRIMINACION EDUCATIVA
700 1 _aHeredia, Mariana
942 _cBK
998 _cRaquel
999 _c14904
_d14904